00711 2200277 4500001002100000005001500021035002000036007000300056008004100059020002200100082000800122084001400130100001600144245006500160250001000225260003300235300003500268500001400303650002700317700002000344504002500364990001100389990001100400990001100411990001100422INLIS00000000000564620200630092209 a0010-0420000040ta200630 g 0 ind  a978-602-9227-06-2 a810 a810 ADE k0 aADE, Husnul1 aKarakteristik Pantun Indonesia /cAde Husnul, Nurul Hadiyati acet.3 aJakarta :bWadah Ilmu,c2012 aiv, 89 hlm. :bilus. ;c25 cm. aGlosarium 4aKESUSASTRAAN INDONESIA0 aNURUL, Hadiyati aBibliografi : hlm.89 a7393 a a7393 b a7393 c a7393 d